Tilastot visalle Sanat - "Saat miehen kyyneliin" - Jormas/Pepe Willberg

Klikkaa tästä pelataksesi tätä visaa!

Yleistilastot

  • Tätä visaa on pelattu 44 kertaa
  • Keskiarvotulos 77 / 131

Vastaustilastot

Sanat% Oikein
kyyneliin
100%
miehen
100%
100%
Saat
100%
Se
94%
On
90%
on
90%
helppoa
87%
Ja
87%
niin
84%
Vain
81%
vain
81%
lähdet
74%
pois
74%
Hän
68%
hän
68%
Itkee
68%
Sen
61%
sen
61%
nainen
58%
olet
55%
heikko
48%
Vaik
48%
näkemiin
39%
Sanot
39%
nainenkin
35%
En
32%
vaan
32%
Voi
23%
voi
23%
hänen
13%
katsoo
10%
Minä
10%
silmiin
10%
tarpeeton
10%
häntä
6%
kertoa
6%
leikit
6%
murrat
6%
musertaa
6%
naurahtaa
6%
ohi
6%
sulle
6%
sydämen
6%
tunteillaan
6%
vaikenen
6%
voima
6%
voin
6%
Kaikki
3%
kerran
3%
muuta
3%
Shalala-
3%
shalalala
3%
sitten
3%
enää
0%
hänene
0%
Itse
0%
kerskukaan
0%
koin
0%

Tulosjakauma

Persentiili vastausten määrän mukaan

Jokaisen tuloksen saaneiden osuus

Tuloshistoriasi

Et ole pelannut tätä visaa